Miesto a úloha inovácii v ekonomike Európskej únie bakalárska práca

Uložené v:
Podrobná bibliografia
Hlavný autor: Kovácsová, Kristína
Korporativný autor: Fakulta medzinárodných vzťahov EU. Katedra medzinárodných ekonomických vzťahov a hospodárskej diplomacie
Ďalší autori: Dudáš, Tomáš, 1976-
Médium: Kniha
Jazyk:Slovak
Vydavateľské údaje: Bratislava 2012
Tagy: Pridať tag
Žiadne tagy, Buďte prvý, kto otaguje tento záznam!

MARC

LEADER 00000nbm a2200000 4500
001 0153660
005 20161109111801.4
041 0 |a slo 
044 |a SK 
245 1 0 |a Miesto a úloha inovácii v ekonomike Európskej únie  |b bakalárska práca  |c Kristína Kovácsová ; školiteľ: Tomáš Dudáš 
264 1 |a Bratislava  |c 2012 
300 |a 42 s. 
100 1 |a Kovácsová, Kristína 
700 1 |a Dudáš, Tomáš, 1976- 
710 2 |a Fakulta medzinárodných vzťahov EU. Katedra medzinárodných ekonomických vzťahov a hospodárskej diplomacie